00261nam a2200109Ia 4500008004100000100002000041245002900061260002500090650001200115942000700127999001700134190216s9999||||xx |||||||||||||| ||und|| aAchutha Menon C 0aBallads Of North Malabar bUniversity Of Madras aHistory cBK c18639d18639